| Tag |
First Indicator |
Second Indicator |
Subfields |
| LEADER |
00000cam a2200000Ma 4500 |
| 001 |
in00003554708 |
| 006 |
m o d |
| 007 |
cr nn||||||||| |
| 008 |
121227s1989 nyua o 000 0 eng d |
| 005 |
20260421182611.2 |
| 020 |
|
|
|a 9781461396581 (electronic bk.)
|
| 020 |
|
|
|a 1461396581 (electronic bk.)
|
| 035 |
|
|
|a (OCoLC)840283093
|
| 040 |
|
|
|a I9W
|b eng
|e pn
|c I9W
|d OCLCO
|d OCLCQ
|d UV0
|d OCLCO
|d GW5XE
|d OCLCF
|d UtOrBLW
|
| 049 |
|
|
|a TXAM
|
| 050 |
|
4 |
|a QA76.7-76.73
|
| 082 |
0 |
4 |
|a 005.13
|2 23
|
| 100 |
1 |
|
|a Sherman, Alan T.
|
| 245 |
1 |
0 |
|a VLSI Placement and Routing: The PI Project /
|c by Alan T. Sherman.
|
| 264 |
|
1 |
|a New York, NY :
|b Springer US,
|c 1989.
|
| 300 |
|
|
|a 1 online resource (XII, 189 pages 47 illustrations)
|
| 336 |
|
|
|a text
|b txt
|2 rdacontent
|
| 337 |
|
|
|a computer
|b c
|2 rdamedia
|
| 338 |
|
|
|a online resource
|b cr
|2 rdacarrier
|
| 490 |
1 |
|
|a Texts and Monographs in Computer Science, 0172-603X
|
| 505 |
0 |
|
|a Contents: Introduction -- Preliminaries -- The Placement Framework -- Chip Estimation and Pad Placement -- Logic Placement -- Power-Ground Routing -- Signal Routing -- Resizing -- The MIT Implementation of PI -- Related Layout Systems -- Conclusion -- Bibliography -- Index.
|
| 520 |
|
|
|a The PI (Placement and Interconnect) System is a developmental technique for establishing custom VLSI chips. Designed and developed at the Massachusetts Institute of Technology in the mid-1980s, it is the first system to automate the entire layout process. VLSI Placement and Routing: The PI Project provides a complete, concise, and up-to-date account of the PI Project. In addition to describing the generic PI System, this book also presents extensions to the PI System considered by the PI team and implementations of the PI System. Also of special interest are several open research questions motivated by PI. The book includes an extensive list of references to the literature on VLSI in general and the PI Project in particular.
|
| 500 |
|
|
|a Electronic resource.
|
| 650 |
|
0 |
|a Computer science.
|
| 650 |
|
0 |
|a Electronics.
|
| 650 |
|
7 |
|a Computer science.
|2 fast
|0 (OCoLC)fst00872451
|
| 650 |
|
7 |
|a Electronics.
|2 fast
|0 (OCoLC)fst00907538
|
| 655 |
|
7 |
|a Electronic books.
|2 local
|
| 710 |
2 |
|
|a SpringerLink (Online service)
|
| 830 |
|
0 |
|a Texts and monographs in computer science.
|
| 856 |
4 |
0 |
|u http://proxy.library.tamu.edu/login?url=https://link.springer.com/10.1007/978-1-4613-9658-1
|z Connect to the full text of this electronic book
|t 0
|
| 994 |
|
|
|a 92
|b TXA
|
| 999 |
|
|
|a MARS
|
| 999 |
f |
f |
|s 19cf0727-e43d-3197-99c5-abbd338ab2f5
|i 9186ccb5-5b92-3e3a-ba0a-338139b9bc68
|t 0
|
| 952 |
f |
f |
|a Texas A&M University
|b College Station
|c Electronic Resources
|s www_evans
|d Available Online
|t 0
|e QA76.7-76.73
|h Library of Congress classification
|
| 998 |
f |
f |
|a QA76.7-76.73
|t 0
|l Available Online
|